[Event "MCRW_SF15"]
[Site "?"]
[Date "2008.09.01"]
[Round "?"]
[White "Glaser, Karel"]
[Black "Postl, Rostislav"]
[Result "1-0"]
[WhiteElo "2280"]
[BlackElo "2230"]
[PlyCount "105"]
[EventDate "2008.??.??"]
[EventType "corr"]
[EventRounds "2"]

1. e4 c5 2. Nf3 Nc6 3. d4 cxd4 4. Nxd4 Nf6 5. Nc3 e5 6. Ndb5 d6 7. Nd5 Nxd5 8.
exd5 Ne7 9. c4 Nf5 10. Bd3 Be7 11. O-O a6 12. Nc3 O-O 13. f4 f6 14. Qe2 Nd4 15.
Qe3 Bd7 16. Bd2 Qc7 17. Rac1 f5 18. Qf2 Rac8 19. Be3 Qb6 20. a3 Qb3 21. Bb1 Bf6
22. fxe5 dxe5 23. Ba2 Qb6 24. b4 f4 25. Bxd4 Qxd4 26. Qxd4 exd4 27. Ne4 Rce8
28. Rxf4 Be5 29. Rxf8+ Rxf8 30. Bb1 Bf4 31. Re1 g6 32. h3 Kg7 33. g3 Be3+ 34.
Kg2 Rf7 35. Re2 Bf5 36. g4 Bxe4+ 37. Bxe4 Re7 38. Bc2 Rd7 39. Bb3 Kf6 40. c5
Ke5 41. d6 h5 42. Bc2 Rg7 43. h4 hxg4 44. Kg3 Kd5 45. Kxg4 Ke5 46. Re1 Rf7 47.
Bxg6 Rf4+ 48. Kg3 Rf8 49. h5 Ke6 50. Rh1 Rf6 51. Be4 b6 52. Bd3 Kd7 53. a4 1-0

[Event "MCRW_SF15"]
[Site "?"]
[Date "2008.09.01"]
[Round "?"]
[White "Glaser, Karel"]
[Black "Kuchta, Jirí (Prague)"]
[Result "1/2-1/2"]
[WhiteElo "2280"]
[BlackElo "2193"]
[PlyCount "60"]
[EventDate "2008.??.??"]
[EventType "corr"]
[EventRounds "2"]

1. e4 e5 2. Nf3 Nc6 3. Bb5 a6 4. Ba4 Nf6 5. O-O Nxe4 6. d4 b5 7. Bb3 d5 8. dxe5
Be6 9. c3 Bc5 10. Nbd2 O-O 11. Bc2 f5 12. Nb3 Bb6 13. Nfd4 Nxd4 14. Nxd4 Bxd4
15. cxd4 f4 16. f3 Ng3 17. Re1 Qh4 18. Bd2 Nf5 19. Bxf5 Rxf5 20. Re2 Rh5 21. h3
Rh6 22. Rc1 Rg6 23. Kh1 Rc8 24. Rc3 c6 25. Qc1 Bd7 26. Ra3 Rf8 27. Qe1 Qxe1+
28. Rxe1 Bc8 29. Rc3 Re6 30. Kg1 Bb7 1/2-1/2

[Event "MCRW_SF15"]
[Site "?"]
[Date "2008.09.01"]
[Round "?"]
[White "Glaser, Karel"]
[Black "Thoma, Otomar"]
[Result "1/2-1/2"]
[WhiteElo "2280"]
[BlackElo "2184"]
[PlyCount "159"]
[EventDate "2008.??.??"]
[EventType "corr"]
[EventRounds "2"]

1. e4 c5 2. Nf3 Nc6 3. d4 cxd4 4. Nxd4 Nf6 5. Nc3 d6 6. Be2 e5 7. Nb3 Be7 8.
O-O O-O 9. Be3 Be6 10. Bf3 Na5 11. Nxa5 Qxa5 12. Qd2 Rfc8 13. Rfd1 Qb4 14. Rab1
h6 15. a3 Qc4 16. Rbc1 a6 17. Be2 Qc7 18. Nd5 Nxd5 19. exd5 Bf5 20. c4 b6 21.
b4 Qb7 22. c5 bxc5 23. bxc5 dxc5 24. d6 Bf6 25. Bxc5 Rc6 26. g4 Bg6 27. Qd5 Qd7
28. Be3 Rac8 29. Rxc6 Rxc6 30. h3 Bc2 31. Rc1 Ba4 32. Bc5 Bb5 33. Bxb5 axb5 34.
Rc3 Bh4 35. Re3 Bf6 36. Kg2 Rc8 37. Bb4 Rc4 38. Rc3 Rd4 39. Qc6 Qxc6+ 40. Rxc6
e4 41. Rb6 Rd5 42. Rb7 g6 43. Kf1 Bg5 44. Ke2 Kg7 45. d7 Bd8 46. Ke3 Kf6 47.
Rb8 Rxd7 48. Kxe4 Be7 49. Rxb5 Bxb4 50. axb4 Rd2 51. f3 Re2+ 52. Kf4 Rh2 53.
Rb6+ Ke7 54. Kg3 Rh1 55. b5 Rb1 56. h4 Rb4 57. h5 gxh5 58. gxh5 Kf8 59. f4 Kg7
60. Kf3 Rd4 61. Kg4 Rd5 62. f5 Rc5 63. Kf4 Rd5 64. Ke4 Rc5 65. Rb7 Kf6 66. b6
Rb5 67. Kd4 Kg5 68. Kc4 Rb1 69. Kc5 Rc1+ 70. Kd6 Rb1 71. Kc6 Rc1+ 72. Kd6 Rb1
73. Rb8 Kxf5 74. Kc6 Rc1+ 75. Kb5 Rb1+ 76. Ka6 Ra1+ 77. Kb7 Kg4 78. Ra8 Rb1 79.
Ra5 f5 80. Kc6 1/2-1/2

[Event "MCRW_SF15"]
[Site "?"]
[Date "2008.09.01"]
[Round "?"]
[White "Kuchta, Jirí (Prague)"]
[Black "Pravec, Ladislav"]
[Result "1/2-1/2"]
[WhiteElo "2193"]
[BlackElo "2327"]
[PlyCount "64"]
[EventDate "2008.??.??"]
[EventType "corr"]
[EventRounds "2"]

1. d4 Nf6 2. c4 g6 3. Nc3 Bg7 4. e4 d6 5. Nf3 O-O 6. Be2 c5 7. d5 e6 8. O-O
exd5 9. cxd5 Re8 10. Nd2 Na6 11. f3 Nd7 12. Nc4 Ne5 13. Ne3 Nc7 14. Kh1 b6 15.
Bd2 Qe7 16. Rb1 a5 17. a4 Bb7 18. Qb3 Ba6 19. Bxa6 Nxa6 20. Nb5 Nc7 21. Na3
Reb8 22. Bc3 b5 23. axb5 Nxb5 24. Nxb5 a4 25. Qc2 Rxb5 26. Ra1 Qa7 27. f4 Nd7
28. Nc4 Qb8 29. Qe2 Bxc3 30. bxc3 a3 31. e5 a2 32. e6 fxe6 1/2-1/2

[Event "MCRW_SF15"]
[Site "?"]
[Date "2008.09.01"]
[Round "?"]
[White "Kuchta, Jirí (Prague)"]
[Black "Portych, Václav"]
[Result "1-0"]
[WhiteElo "2193"]
[BlackElo "2044"]
[PlyCount "83"]
[EventDate "2008.??.??"]
[EventType "corr"]
[EventRounds "2"]

1. e4 c5 2. Nf3 Nc6 3. d4 cxd4 4. Nxd4 Nf6 5. Nc3 e5 6. Ndb5 d6 7. Bg5 a6 8.
Na3 b5 9. Nd5 Be7 10. Bxf6 Bxf6 11. c3 O-O 12. Nc2 Bg5 13. a4 bxa4 14. Rxa4 a5
15. Bc4 Rb8 16. b3 Kh8 17. Nce3 g6 18. h4 Bxh4 19. g3 Bg5 20. f4 exf4 21. gxf4
Bh4+ 22. Kd2 f5 23. exf5 Bxf5 24. Nxf5 Rxf5 25. Kc1 g5 26. Ra2 Rb7 27. Qh5 Rf8
28. Rah2 a4 29. b4 Rg7 30. Kb2 Rff7 31. Ka3 Qf8 32. Rh3 Rb7 33. Nf6 d5 34. Nxd5
Nd8 35. Nf6 Nc6 36. Re3 Rb8 37. Ka2 Qxf6 38. Re8+ Qf8 39. Rxf8+ Rxf8 40. Bd3
Rff7 41. Rg1 Nxb4+ 42. cxb4 1-0

[Event "MCRW_SF15"]
[Site "?"]
[Date "2008.09.01"]
[Round "?"]
[White "Kuchta, Jirí (Prague)"]
[Black "Fric, Pavel"]
[Result "0-1"]
[WhiteElo "2193"]
[BlackElo "2407"]
[PlyCount "72"]
[EventDate "2008.??.??"]
[EventType "corr"]
[EventRounds "2"]

1. d4 Nf6 2. c4 e6 3. Nf3 c5 4. d5 b5 5. dxe6 fxe6 6. cxb5 a6 7. bxa6 Be7 8. a7
Nc6 9. Nc3 d5 10. e4 O-O 11. exd5 exd5 12. Bg5 Kh8 13. Be2 d4 14. Nb5 Bf5 15.
Qc1 d3 16. Bd1 h6 17. Be3 Qa5+ 18. Nc3 Nd5 19. Bd2 Ndb4 20. O-O Qxa7 21. Re1
Bh7 22. Ne4 Nd4 23. Bc3 Qb6 24. Bxb4 cxb4 25. Qe3 Rad8 26. Kh1 Bf6 27. Nfd2 Qa6
28. Nxf6 Qxf6 29. f3 Bg6 30. h3 Rfe8 31. Ne4 Bxe4 32. fxe4 Nf5 33. Qf2 d2 34.
Rg1 Rxe4 35. Bg4 Ne3 36. Qxf6 gxf6 0-1

[Event "MCRW_SF15"]
[Site "?"]
[Date "2008.09.01"]
[Round "?"]
[White "Kuchta, Jirí (Prague)"]
[Black "Postl, Rostislav"]
[Result "0-1"]
[WhiteElo "2193"]
[BlackElo "2230"]
[PlyCount "74"]
[EventDate "2008.??.??"]
[EventType "corr"]
[EventRounds "2"]

1. e4 e5 2. Nf3 Nc6 3. Bb5 Nf6 4. O-O Bc5 5. c3 O-O 6. d4 Bb6 7. Bg5 h6 8. Bh4
d6 9. Qd3 exd4 10. cxd4 g5 11. Bxc6 bxc6 12. Bg3 Re8 13. Re1 d5 14. e5 Ne4 15.
Nc3 Bf5 16. Qe3 Bg6 17. Qc1 a5 18. Na4 Ba7 19. Rd1 Rb8 20. Qxc6 Re6 21. Qc1 h5
22. h3 Rb4 23. Nc5 Rc6 24. e6 f6 25. h4 Nxg3 26. fxg3 g4 27. Ne1 Kg7 28. Qe3
Qe7 29. Rac1 Bxc5 30. Rxc5 Rxc5 31. dxc5 Re4 32. Qf2 Rxe6 33. Kf1 c6 34. Nd3
Bxd3+ 35. Rxd3 Re4 36. Rd2 Re3 37. Rd4 Qe5 0-1

[Event "MCRW_SF15"]
[Site "?"]
[Date "2008.09.01"]
[Round "?"]
[White "Kuchta, Jirí (Prague)"]
[Black "Glaser, Karel"]
[Result "1/2-1/2"]
[WhiteElo "2193"]
[BlackElo "2280"]
[PlyCount "59"]
[EventDate "2008.??.??"]
[EventType "corr"]
[EventRounds "2"]

1. d4 d5 2. c4 c6 3. Nf3 Nf6 4. Nc3 dxc4 5. a4 Bf5 6. Ne5 Nbd7 7. Nxc4 Qc7 8.
g3 e5 9. dxe5 Nxe5 10. Bf4 Nfd7 11. Bg2 g5 12. Bxe5 Nxe5 13. Qd4 f6 14. O-O-O
Be7 15. Ne3 Be6 16. Qe4 Bb3 17. Rd2 O-O 18. h4 Bc5 19. hxg5 fxg5 20. Rh5 Ng6
21. Rxg5 Rae8 22. Qg4 Bxe3 23. fxe3 Qe7 24. Rd3 Be6 25. Qh5 Bc4 26. Rd1 Qxe3+
27. Kb1 Rf6 28. Qh6 Qe7 29. Be4 Qf7 30. Bf3 1/2-1/2

[Event "MCRW_SF15"]
[Site "?"]
[Date "2008.09.01"]
[Round "?"]
[White "Kuchta, Jirí (Prague)"]
[Black "Thoma, Otomar"]
[Result "1/2-1/2"]
[WhiteElo "2193"]
[BlackElo "2184"]
[PlyCount "97"]
[EventDate "2008.??.??"]
[EventType "corr"]
[EventRounds "2"]

1. d4 Nf6 2. c4 e6 3. Nc3 Bb4 4. e3 O-O 5. Bd3 d5 6. Nf3 c5 7. O-O Nc6 8. a3
Bxc3 9. bxc3 dxc4 10. Bxc4 Qc7 11. Bd3 e5 12. Qc2 Re8 13. Nxe5 Nxe5 14. dxe5
Qxe5 15. f3 Bd7 16. a4 Rad8 17. e4 Bc6 18. Bb5 Re6 19. Be3 a6 20. Bxc6 Rxc6 21.
a5 h6 22. Rad1 Rcd6 23. Rxd6 Qxd6 24. c4 Nh5 25. Qb2 Nf4 26. e5 Nd3 27. exd6
Nxb2 28. Bxc5 Nxc4 29. Rd1 Rd7 30. Bb4 Ne5 31. Bc3 Nc6 32. Kf2 f6 33. f4 f5 34.
g4 fxg4 35. Kg3 h5 36. f5 Kf7 37. Kh4 g6 38. fxg6+ Kxg6 39. Rd5 Rd8 40. Rg5+
Kf7 41. Kxh5 Ke6 42. Kxg4 Rxd6 43. Rg6+ Kd5 44. Rxd6+ Kxd6 45. h4 Ke7 46. Kg5
Kf7 47. h5 Ne7 48. Bd4 Nd5 49. Be5 1/2-1/2

[Event "MCRW_SF15"]
[Site "?"]
[Date "2008.09.01"]
[Round "?"]
[White "Thoma, Otomar"]
[Black "Pravec, Ladislav"]
[Result "0-1"]
[WhiteElo "2184"]
[BlackElo "2327"]
[PlyCount "80"]
[EventDate "2008.??.??"]
[EventType "corr"]
[EventRounds "2"]

1. e4 c5 2. Nf3 d6 3. d4 cxd4 4. Nxd4 Nf6 5. Nc3 a6 6. Bc4 e6 7. Bb3 Nc6 8. Be3
Be7 9. Qe2 Qc7 10. O-O-O Na5 11. g4 b5 12. g5 Nxb3+ 13. axb3 Nd7 14. h4 b4 15.
Na4 Nc5 16. h5 Nxe4 17. g6 Bf6 18. gxf7+ Kxf7 19. Rhg1 e5 20. Nf3 Be6 21. Kb1
Qc6 22. Ne1 Rab8 23. Nd3 Nc3+ 24. bxc3 bxc3 25. Kc1 Qxa4 26. bxa4 Ba2 27. Nxe5+
Bxe5 28. Qf3+ Bf6 29. Rxg7+ Kxg7 30. Rg1+ Kf7 31. Kd1 Rb1+ 32. Bc1 Rhb8 33. Qf4
Rxc1+ 34. Qxc1 Rb1 35. Qxb1 Bxb1 36. Rg4 Ba2 37. Rb4 Bd5 38. Rb6 Bf3+ 39. Ke1
Bxh5 40. Rxa6 Bg6 0-1

[Event "MCRW_SF15"]
[Site "?"]
[Date "2008.09.01"]
[Round "?"]
[White "Thoma, Otomar"]
[Black "Portych, Václav"]
[Result "1-0"]
[WhiteElo "2184"]
[BlackElo "2044"]
[PlyCount "105"]
[EventDate "2008.??.??"]
[EventType "corr"]
[EventRounds "2"]

1. e4 c5 2. Nf3 Nc6 3. Nc3 d6 4. d4 cxd4 5. Nxd4 Nf6 6. Bg5 e6 7. Qd2 a6 8.
O-O-O h6 9. Be3 Be7 10. f4 Nxd4 11. Bxd4 b5 12. Qe3 Qc7 13. e5 dxe5 14. fxe5
Nd5 15. Nxd5 exd5 16. Kb1 O-O 17. Bd3 b4 18. g4 a5 19. Rdg1 Ba6 20. h4 Bxd3 21.
Qxd3 Qc4 22. Qd1 a4 23. g5 h5 24. g6 Ra6 25. b3 Qc6 26. gxf7+ Rxf7 27. Rf1 Rxf1
28. Rxf1 g6 29. e6 axb3 30. axb3 Qxe6 31. Bb2 Rc6 32. Qd4 Rc3 33. Bxc3 bxc3 34.
b4 Qe4 35. Qxe4 dxe4 36. b5 Bxh4 37. b6 Bg3 38. b7 Kg7 39. Ka2 Bb8 40. Kb3 h4
41. Rd1 Kf6 42. Rd8 Bg3 43. b8=Q Bxb8 44. Rxb8 g5 45. Kxc3 Ke5 46. Kd2 Kf4 47.
c4 h3 48. c5 g4 49. c6 h2 50. Rh8 g3 51. c7 g2 52. c8=Q g1=Q 53. Qf8+ 1-0

[Event "MCRW_SF15"]
[Site "?"]
[Date "2008.09.01"]
[Round "?"]
[White "Thoma, Otomar"]
[Black "Fric, Pavel"]
[Result "0-1"]
[WhiteElo "2184"]
[BlackElo "2407"]
[PlyCount "80"]
[EventDate "2008.??.??"]
[EventType "corr"]
[EventRounds "2"]

1. e4 c5 2. Nf3 d6 3. d4 cxd4 4. Nxd4 Nf6 5. Nc3 a6 6. Bc4 e6 7. Bb3 Nbd7 8.
Bg5 h6 9. Bh4 Qa5 10. O-O g5 11. Bg3 Be7 12. Qe2 Ne5 13. Rad1 Bd7 14. Nf3 Rg8
15. Nxe5 dxe5 16. Qd2 h5 17. h4 Rd8 18. Qe2 Ng4 19. hxg5 Bxg5 20. Rd3 Bc6 21.
Rfd1 Rxd3 22. Rxd3 Be7 23. Kh1 h4 24. Bh2 Bc5 25. Bg1 Bd4 26. a3 Qc5 27. Rf3
Qe7 28. Ba4 b5 29. Nxb5 axb5 30. Bxb5 Bxb5 31. Qxb5+ Kf8 32. c3 Ba7 33. Qa4 Qb7
34. Qc2 Rg6 35. c4 Nf6 36. c5 Qb5 37. Rh3 Bxc5 38. Rxh4 Bd4 39. Qc8+ Ke7 40.
Rh8 Nd7 0-1

[Event "MCRW_SF15"]
[Site "?"]
[Date "2008.09.01"]
[Round "?"]
[White "Thoma, Otomar"]
[Black "Postl, Rostislav"]
[Result "1/2-1/2"]
[WhiteElo "2184"]
[BlackElo "2230"]
[PlyCount "91"]
[EventDate "2008.??.??"]
[EventType "corr"]
[EventRounds "2"]

1. e4 c5 2. Nf3 d6 3. d4 cxd4 4. Nxd4 Nf6 5. Nc3 g6 6. Be2 Bg7 7. Be3 Nc6 8.
Nb3 O-O 9. O-O Be6 10. f4 Qc8 11. Qe1 a5 12. a4 Nb4 13. Nd4 Bc4 14. f5 d5 15.
e5 Nd7 16. e6 fxe6 17. fxe6 Rxf1+ 18. Qxf1 Ne5 19. Rc1 Bf6 20. Ncb5 Bxb5 21.
Bxb5 Nbc6 22. c3 Ng4 23. Qe2 Bxd4 24. cxd4 Qxe6 25. Bg5 Nxd4 26. Qxe6+ Nxe6 27.
Bxe7 Kf7 28. Bh4 g5 29. Bg3 Nf6 30. Rd1 Ke7 31. Be5 Rd8 32. Bc3 b6 33. Re1 Kf7
34. h3 h6 35. Rd1 Ke7 36. Be5 d4 37. Re1 d3 38. Bc4 d2 39. Bxf6+ Kxf6 40. Rxe6+
Kf5 41. g4+ Kf4 42. Be2 d1=Q+ 43. Bxd1 Rxd1+ 44. Kf2 Rd2+ 45. Ke1 Rxb2 46. Rxh6
1/2-1/2

[Event "MCRW_SF15"]
[Site "?"]
[Date "2008.09.01"]
[Round "?"]
[White "Thoma, Otomar"]
[Black "Glaser, Karel"]
[Result "1/2-1/2"]
[WhiteElo "2184"]
[BlackElo "2280"]
[PlyCount "79"]
[EventDate "2008.??.??"]
[EventType "corr"]
[EventRounds "2"]

1. e4 e5 2. Nf3 Nc6 3. Bb5 a6 4. Ba4 Nf6 5. O-O Be7 6. Re1 b5 7. Bb3 O-O 8. c3
d6 9. h3 Na5 10. Bc2 c5 11. d4 Qc7 12. Nbd2 cxd4 13. cxd4 Nc6 14. Nb3 a5 15.
Be3 a4 16. Nbd2 Bd7 17. Rc1 Qb7 18. Qe2 Rfc8 19. Bb1 Bd8 20. dxe5 dxe5 21. Red1
Rab8 22. a3 Be6 23. Ng5 Bd7 24. Ba2 Be8 25. Nf1 Be7 26. Ng3 h6 27. Nf3 b4 28.
axb4 Qxb4 29. Bd5 Bf8 30. Rc2 Ne7 31. Bc4 Ng6 32. Rdc1 Qb7 33. Bd2 Bb5 34. Bxb5
Rxc2 35. Rxc2 Qxb5 36. Qxb5 Rxb5 37. Rc4 Rxb2 38. Rxa4 Nd7 39. Ra8 f6 40. Rc8
1/2-1/2

[Event "MCRW_SF15"]
[Site "?"]
[Date "2008.09.01"]
[Round "?"]
[White "Thoma, Otomar"]
[Black "Kuchta, Jirí (Prague)"]
[Result "1/2-1/2"]
[WhiteElo "2184"]
[BlackElo "2193"]
[PlyCount "61"]
[EventDate "2008.??.??"]
[EventType "corr"]
[EventRounds "2"]

1. e4 c5 2. Nf3 d6 3. d4 cxd4 4. Nxd4 Nf6 5. Nc3 a6 6. Be3 e5 7. Nf3 Be7 8. Bc4
O-O 9. O-O Be6 10. Bb3 Nc6 11. Qe2 Na5 12. Rfd1 Nxb3 13. axb3 Qc7 14. Bg5 Rac8
15. h3 h6 16. Bxf6 Bxf6 17. Rac1 Qc6 18. Qd3 Be7 19. Nd5 Bxd5 20. Qxd5 Qxd5 21.
Rxd5 f5 22. exf5 Rxf5 23. c4 Rff8 24. b4 Rc6 25. b5 Rb6 26. Nd2 axb5 27. cxb5
Bg5 28. Rc7 Bxd2 29. Rxd2 Rf7 30. Rc8+ Kh7 31. Rd8 1/2-1/2